000 nam a22 7a 4500
999 _c53445
_d53445
003 OSt
005 20220722120558.0
008 220722b xxu||||| |||| 00| 0 eng d
040 _cIIMT UNIVERSITY MEERUT
100 _aLUTHRA, TYAGI
245 _aPURAN HAL (HINDI) -2nd
260 _bBHARAT BHARTI
300 _a177
942 _2ddc
_c09